Biographical notices of officers of the Royal (Bengal) engineers; (Record no. 552511)
[ view plain ]
| 000 -LEADER | |
|---|---|
| fixed length control field | 00428nam a2200133u 4500 |
| 082 ## - DEWEY DECIMAL CLASSIFICATION NUMBER | |
| Classification number | 358.20941 |
| Author Mark | BIO |
| 100 1# - MAIN ENTRY--PERSONAL NAME | |
| Personal name | Thackeray, Edward Talbot, |
| 9 (RLIN) | 49737 |
| 245 00 - TITLE STATEMENT | |
| Title | Biographical notices of officers of the Royal (Bengal) engineers; |
| 260 ## - PUBLICATION, DISTRIBUTION, ETC. | |
| Place of publication, distribution, etc. | London, |
| Name of publisher, distributor, etc. | Smith, Elder, & co., |
| Date of publication, distribution, etc. | 1900. |
| 300 ## - PHYSICAL DESCRIPTION | |
| Extent | xp., 1 l., 276 p. |
| Other physical details | front., port. |
| Dimensions | 23 cm. |
| 526 ## - STUDY PROGRAM INFORMATION NOTE | |
| Program name | 0 |
| Interest level | 0 |
| Reading level | 0 |
| Title point value | 358_209410000000000_BIO |
| 650 ## - SUBJECT ADDED ENTRY--TOPICAL TERM | |
| Topical term or geographic name entry element | MCE |
| 9 (RLIN) | 379 |
| 942 ## - ADDED ENTRY ELEMENTS (KOHA) | |
| Source of classification or shelving scheme | |
| Koha item type | Book |
| Withdrawn status | Lost status | Source of classification or shelving scheme | Damaged status | Not for loan | Permanent Location | Current Location | Shelving location | Date acquired | Total Checkouts | Full call number | Barcode | Date last seen | Price effective from | Koha item type |
|---|---|---|---|---|---|---|---|---|---|---|---|---|---|---|
| Military College of Engineering (MCE) | Military College of Engineering (MCE) | 01/16/2015 | 358.20941 BIO | MCE-ECR.43 | 01/16/2015 | 01/16/2015 | Book |
